| 000 | 01155nam a2200229 i 4500 | ||
|---|---|---|---|
| 001 | 189700 | ||
| 003 | ES-MaACL | ||
| 005 | 20251003063206.0 | ||
| 008 | 190909s1958 sp |||| | spa d | ||
| 080 | _a917(266) | ||
| 100 | 2 |
_aEspinosa y Tello, José, _d1763-1815 _9126966 |
|
| 245 | 1 | 0 |
_aRelación del viage hecho por las goletas Sutil y Mexicana en el año de 1792 para reconocer el estrecho de Fuca : _bcon una introducción en que se da noticia de las expediciones executadas anteriormente por los españoles en busca del paso del Noroeste de la América. |
| 260 |
_aMadrid : _bJosé Porrúa Turanzas, _c1958. |
||
| 300 |
_a2 v., 7 lám., 9 mapas ; _c25 cm. |
||
| 490 | 1 |
_aColección Chimalistac de libros y documentos acerca de la Nueva España ; _v1-2 |
|
| 597 | _aVol. 2: Atlas. | ||
| 651 | 4 |
_aJuan de Fuca (Estrecho)- _xDescubrimientos y exploraciones- _xEspañoles. _9168239 |
|
| 651 | 4 |
_aPaso del Noroeste- _xDescubrimientos y exploraciones- _xEspañoles. _9169021 |
|
| 830 | 1 |
_aColección Chimalistac de libros y documentos acerca de la Nueva España ; _v1-2 _9182539 |
|
| 852 | 4 |
_aES-MaACL _jP-798-1-2 |
|
| 999 |
_c189700 _d189700 |
||